| 000 | 01631nam a2200301Ia 4500 | ||
|---|---|---|---|
| 999 |
_c55194 _d55194 |
||
| 001 | 22269 | ||
| 003 | GE_BSU | ||
| 005 | 20230220174119.0 | ||
| 008 | 181216s ||||ge |||||||||||||| ||geo|| | ||
| 020 | _a9789941468339 | ||
| 040 | _cGE_BSU | ||
| 041 | _ageo | ||
| 080 | _a811.124'36(075.8) ბ-57 | ||
| 100 |
_aბერძენიშვილი, ლევან _916982 |
||
| 245 |
_aლათინური ენა ტ.2 : _bგრამატიკა / _cლევან ბერძენიშვილი ; რედაქტორები : რისმაგ გორდეზიანი, მანანა ფხაკაძე, ქეთევან აბესაძე. |
||
| 250 | _aმე-2 გამოცემა | ||
| 264 |
_aთბილისი : _bლოგოსი, _c2017. |
||
| 300 |
_a436 გვ. ; _c20 სმ. |
||
| 490 | _aპროგრამა "ლოგოსი" | ||
| 541 | _h10 ლ. | ||
| 653 | _aლათინური ენა ტ. 2 | ||
| 653 | _aგრამატიკა | ||
| 653 | _aპუბლიკაციები და ღონისძიებები კლასიკური ფილოლოგიის, ბიზანტინისტიკისა და ნეოგრეცისტიკის სფეროში | ||
| 700 |
_aგორდეზიანი, რისმაგ _eრედაქტორი _916983 |
||
| 700 |
_aფხაკაძე, მანანა _eრედაქტორი _916984 |
||
| 700 |
_aაბესაძე, ქეთევან _eრედაქტორი _93446 |
||
| 942 |
_cBK _2udc |
||